banner koha

Adding distiller’s grains and molasses on fermentation quality of rice straw silages (Registro n. 328687)

MARC details
000 -LÍDER
fixed length control field 04302nab a2200313 i 4500
003 - CÓDIGO MARC DA AGÊNCIA CATALOGADORA
Campo de controle BR-BrBNA
005 - DATA E HORA DA ÚLTIMA ATUALIZAÇÃO
Campo de controle 20241118121239.0
008 - CAMPO DE TAMANHO FIXO
fixed length control field 241118b2016 bl.mr|pooa||| 00| 0 eng |
040 ## - FONTE DA CATALOGAÇÃO
Agência catalogadora BR-BrBNA
Idioma da catalogação eng
072 ## - CATEGORIA AGRIS
Código AGRIS Q52
100 ## - ENTRADA PRINCIPAL - NOME PESSOAL
Nome pessoal Yuan, XianJun
100 ## - ENTRADA PRINCIPAL - NOME PESSOAL
Nome pessoal Dong, ZhiHao
100 ## - ENTRADA PRINCIPAL - NOME PESSOAL
Nome pessoal Desta, Seare Tajebe
100 ## - ENTRADA PRINCIPAL - NOME PESSOAL
Nome pessoal Wen, AiYou
100 ## - ENTRADA PRINCIPAL - NOME PESSOAL
Nome pessoal Zhu, Xiaoxuan
100 ## - ENTRADA PRINCIPAL - NOME PESSOAL
Nome pessoal Rong, Ting
100 ## - ENTRADA PRINCIPAL - NOME PESSOAL
Nome pessoal Shao, Tao
245 ## - TÍTULO PRINCIPAL
Título principal Adding distiller’s grains and molasses on fermentation quality of rice straw silages
500 ## - NOTA GERAL
Nota geral Publicação on-line; 28 ref.; 3 tables; Sumaries (En, Pt)
942 ## - ADDED ENTRY ELEMENTS (KOHA)
Koha item type Analítica
520 ## - NOTA DE RESUMO
Nota de conteúdo <br/><br/>ABSTRACT - Ensilage is a simple and low-cost strategy to enable long term preservation and environmentally friendly utilization of agricultural by-products, such as straws and distiller’s grains (DG) for ruminants. Effect of mixing different proportions of DG and rice straw (i.e. 0, 10, 20 or 30% of DG) with or without 5% molasses addition on fermentation and chemical variables of silages was evaluated. The study was conducted as a randomized blocks design in a 4 × 2 factorial arrangement, with three replications, using laboratory silos of 1L capacity (n=24). Despite a significant interaction (P<0.01) between DG and molasses addition was observed for most variables, in general the increased addition of DG linearly decreased the pH value, acetic acid (AA), butyric acid (BA) and ammonia N concentration (P<0.01), and increased the lactic acid (LA) concentration (P<0.01). Exception was the propionic acid concentration which linearly decreased without molasses addition and linearly increased with molasses addition at increased proportion of DG (P<0.01). In both silages with or without molasses the addition of DG increased the dry matter, water soluble carbohydrates and crude protein (P<0.01), and decreased the NDF content (P<0.01). Based on the perspective of maximum utilization of rice straw, the mixture of 10% of DG associated to 5% molasses at ensilage process is recommended.<br/><br/>Key words: Distiller’s grains, fermentation quality, molasses, rice straw, silage
520 ## - NOTA DE RESUMO
Nota de conteúdo <br/><br/>RESUMO - Ensilagem é uma estratégia simples e de baixo custo que habilita a preservação de sub-produtos agrícolas por longo tempo e com mínimo impacto ambiental, tal como a preservação de palha de arroz e resíduos da destilação de grãos (DG) para uso na alimentação de ruminantes. O objetivo deste estudo foi avaliar o efeito de incluir diferentes proporções de DG e palha de arroz (i.e. 0, 10, 20 or 30% of DG) com ou sem inclusão de 5% de melaço sobre variáveis da fermentação e composição química do material ensilado. O estudo foi conduzido em blocos casualizados em um esquema fatorial 4 × 2, com três repetições, utilizando mini-silos de 1L de capacidade (n=24). Embora a interação entre DG e melaço foi significativa (P<0,01) para a maior parte das variáveis, em geral a adição de DG diminuiu linearmente o pH e as concentrações de ácido acético, ácido butírico e amônia (P<0,01), e aumentou linearmente a concentração de ácido láctico (P<0,01). Exceção foi a concentração de ácido propiônico que diminuiu linearmente sem a adição de melaço enquanto aumentou linearmente com a adição de melaço, à incrementados níveis de inclusão de DG (P<0,01). Em ambos casos, com ou sem adição de melaço, a adição de DG aumentou linearmente o teor de matéria seca, de carboidratos solúveis em água e de proteína bruta, e diminuiu o teor de fibra em detergente neutro do material ensilado the NDF content (P<0,01). Baseado na perspectiva de máxima utilização de palha da arroz, recomenda-se a mistura de 10% de DG associado com 5% de melaço no processo de ensilagem.<br/><br/>Palavras-chave: Destilação de grãos, a qualidade de fermentação, melaço, palha de arroz, silagem.
650 ## - ASSUNTO - THESAGRO
Cabeçalho tópico ou nome geográfico PALHA DE ARROZ
650 ## - ASSUNTO - THESAGRO
Cabeçalho tópico ou nome geográfico MELAÇO
650 ## - ASSUNTO - THESAGRO
Cabeçalho tópico ou nome geográfico SILAGEM
773 0# - ENTRADA ANALÍTICA
Host Biblionumber 2408
Registro do item 314934
Imprenta Santa Maria-RS Universidade Federal de Santa Maria - Centro de Ciências Rurais 1991
Outro identificador 2024-1185
Título Ciência Rural (Brazil)
ISSN 0103-8478
Colação v. 46(12) p. 2235-2240; (2016)
Número de controle de registro BR2024003426
856 ## - ACESSO E ENDEREÇO ELETRÔNICO
Identificador uniforme de recurso - URI https://www.scielo.br/j/cr/a/sF5ytbYjgs3KR4qH5GYJfMB/?format=pdf&lang=en

Nenhum exemplar disponível.

BINAGRI

Telefone: (61)3218-2567/2388/3357/2097 - binagri@agro.gov.br

Ministério da Agricultura e Pecuária , Esplanada dos Ministérios, Bloco D, Anexo B, Brasília/DF, CEP: 70.043-900